Представление документа в формате RUSMARC

ПолеНазваниеЗначение
  Тип записи a
  Библиографический уровень m
001 Контрольный номер RU/IS/BASE/525524689
005 Дата корректировки 20240209174645.1
010 Индекс ISBN __
d Цена 3 500 р. 00 к.
9 Тираж экз.
100 Данные общей обработки __
a Данные общей обработки 20160826d2016 ||| 0rusy0189 ca
101 Язык документа 0_
a Язык текста rus
102 Страна публикации __
a Страна публикации RU
105 Кодированные данные (монография) __
a Кодированные данные (монография) y###||||000|y
200 Заглавие и сведения об ответственности 1_
a Заглавие Барьер
b Общее обозначение материала Текст
e Сведения, относящиеся к заглавию повесть
e Сведения, относящиеся к заглавию пер. с болг.
f Первые сведения об ответственности П. Вежинов
210 Выходные данные 1_
a Место издания Москва
c Издательство Русская книга
d Дата издания 1995
215 Физическое описание __
a Объем 123 с.
d Формат см.
225 Серия 0_
a Серия Джинсовая серия
300 Общие примечания __
a Общие примечания Ограничения по возрасту - 16+
300 Общие примечания __
a Общие примечания Под инв. номером 54585: 30-1
606 Тематические рубрики 0_
a Основная рубрика Болгарская литература, 20 в. - Проза
610 Ключевые слова 0_
a Ключевые слова литература болгарская
a Ключевые слова повести
a Ключевые слова проза
686 Индексы других классификаций __
a Классификационный индекс 84(4Бол)
2 Код системы ББК
700 Автор _0
a Фамилия Вежинов
b Имя (инициалы) Павел
g Полное личное имя П.
801 Источник записи _0
a Страна RU
b Организация МБУК ЦБС
c Дата составления 20160826
g Правила каталогизации RCR
801 Источник записи _1
a Страна RU
b Организация МБУК ЦБС г. Ульяновска
c Дата составления 20160826
g Правила каталогизации RCR
899 Данные о местонахождении __
i Авторский знак В 26
j Расстановочный фильтр И(Болг)
901 Тип документа __
t Тип документа m
910 Корректоры записи __
a Корректор записи Тихонова